000 00557nam a2200241 a 4500
001 nice12345678
003 IN_TiNIC
005 20260116011341.0
008 050524s1963 laha grp 000 0 urd
020 _a
_c3.56
082 0 0 _a297.4
_bTHA
100 _aThanwi, Ashraf Ali
245 _aRoo-E-Tasavvuf
260 _aLahore
_bIdara-E-Tuloo-E-Islam
_c1963
300 _a192p
500 _aincludes index and biblioraphy
505 2 _aIll
650 _aSufism
700 1 _aThanwi, Ashraf Ali
902 _bSRS
942 _cBK
999 _c759
_d759